knuckle velvet - ethel cain - Statistics

General Stats
  • This quiz has been taken 29 times
  • The average score is 148 of 168
Answer Stats
Answer % Correct
a
100%
and
100%
come
100%
do
100%
half
100%
hurts
100%
"i
100%
i
100%
in
100%
like
100%
love
100%
me
100%
no
100%
nothing
100%
say
100%
the
100%
to
100%
undressed
100%
way
100%
you
100%
you"
100%
you)
100%
again
95%
all
95%
cry
95%
hard
95%
heart
95%
is
95%
leave
95%
my
95%
over
95%
room
95%
youll
95%
back
90%
child
90%
it
90%
(it)
90%
know
90%
make
90%
on
90%
saying
90%
such
90%
through
90%
your
90%
another
86%
destroy
86%
ever
86%
im
86%
into
86%
just
86%
knuckle
86%
prayers
86%
too
86%
torn
86%
velvet
86%
with
86%
youre
86%
apart
81%
change
81%
dont
81%
face
81%
hoping
81%
of
81%
own
81%
see
81%
tell
81%
that
81%
without
81%
(without
81%
anyway
76%
blood
76%
day
76%
drop
76%
every
76%
gave
76%
get
76%
made
76%
night
76%
spend
76%
still
76%
ways
76%
wont
76%
bleedin
71%
crying
71%
first
71%
out
71%
away
67%
but
67%
gore
67%
"healing"
67%
kill
67%
neck
67%
softly
67%
teeth
67%
throttled
67%
what
67%
cold
62%
did
62%
save
62%
shed
62%
when
62%
have
57%
take
57%
sleeve
48%
bated
38%
No matching quizzes found
Score Distribution
Percent of People with Each Score
Percentile by Number Answered
Your Score History
You have not taken this quiz